Countries ending in 'na' Quiz Stats

 Plays Quiz not verified by Sporcle

Support Sporcle.
Go Orange.
Score 0/6 Timer 01:00
0 Plays Today
Hint Answer % Correct
China
69.2%
Ghana
46.2%
Botswana
42.3%
Argentina
38.5%
Guyana
34.6%
Bosnia and Herzegovina
23.1%

You're not logged in!

Compare scores with friends on all Sporcle quizzes.
OR
Log In

From the Vault

Let's Make Iron Man's Mask

by El_Dandy

Most of us aren't good enough craftspeople to say that we are Iron Man. Ouch.
Remove Ads.
Support Sporcle.
Get the best of Sporcle when you Go Orange. This ad-free experience offers more features, more stats, and more fun while also helping to support Sporcle. Thank you for becoming a member.

Show Comments

Extras

Created Feb 13, 2018ReportNominate
Tags:Country Quiz, Ending

Top Quizzes Today


Score Distribution

Your Account Isn't Verified!

In order to create a playlist on Sporcle, you need to verify the email address you used during registration. Go to your Sporcle Settings to finish the process.

Report this User

Report this user for behavior that violates our Community Guidelines.

Details: